000 00412nam a2200205Ia 4500
001 000821
003 YMCAF
005 20230512160035.0
008 100717s1971 ||||||||||||||||| ||und|d
024 _a821
035 _a803
040 _aYMCAF
_beng
_cIN-KoLT
041 _aeng
082 _aBAS-ZAM1
100 _aZAMA
245 0 _aBASIC EXPERIMENTAL
260 _c1971
300 _a111
942 _2ddc
_cBK
999 _c638
_d638